书目信息 |
| 题名: |
足球
|
|
| 作者: | 杨一民 主编 | |
| 分册: | ||
| 出版信息: | 北京 人民体育出版社 1997.11 |
|
| 页数: | 319页 | |
| 开本: | 26cm | |
| 丛书名: | ||
| 单 册: | ||
| 中图分类: | G843.1 | |
| 科图分类: | ||
| 主题词: | 足球运动--教练员--技术教育--教材 | |
| 电子资源: | ||
| ISBN: | 7-5009-1524-1 | |
| 000 | 00585nam0 2200205 45 | |
| 001 | 0109261581 | |
| 005 | 20040509102234.0 | |
| 010 | @a7-5009-1524-1@dCNY25.00 | |
| 100 | @a20010926d1997 km y0chiy0120 ea | |
| 101 | 0 | @achi |
| 105 | @aa z 000yy | |
| 200 | 1 | @a足球@AZu Qiu@f杨一民主编@FYang Yi Min Zhu Bian |
| 210 | @a北京@c人民体育出版社@d1997.11 | |
| 215 | @a319页@c插图@d26cm | |
| 300 | @a中国体育教练员岗位培训教材 | |
| 606 | 0 | @a足球运动@x教练员@x技术教育@x教材 |
| 690 | @aG843.1@v4 | |
| 701 | @a杨一民@4主编 | |
| 801 | @aCN@bTSTC@c20010926 | |
| 905 | @dG843.1@e120@f1@b299326 | |
| 足球/杨一民主编.-北京:人民体育出版社,1997.11 |
| 319页:插图;26cm |
| 中国体育教练员岗位培训教材 |
| ISBN 7-5009-1524-1:CNY25.00 |
| ● |
| 相关链接 |
|
|
|
|
正题名:足球
索取号:G843.1/120
 
预约/预借
| 序号 | 登录号 | 条形码 | 馆藏地/架位号 | 状态 | 备注 |
| 1 | 0299324 | 202993243 | 第四借阅区/ [索取号:G843.1/120] | 在馆 | |
| 2 | 0299325 | 202993252 | 第四借阅区/ [索取号:G843.1/120] | 在馆 | |
| 3 | 0299326 | 202993261 | 第四借阅区/ [索取号:G843.1/120] | 在馆 | |
| 4 | 0299327 | 202993270 | 第一样本阅览室/ [索取号:G843.1/120] | 在馆 |